Svoboda v práci : jak nechat zaměstnance dělat, co chtějí, a tím zvýšit produktivitu, zisk a růst /

Hlavní autor: Carney, Brian M.
Další autoři: Getz, Isaac
Jazyk: Čeština
Vydáno: Praha : PeopleComm, 2011
Vydání: 1. vyd.
Témata:
Fyzický popis: 340 s. ; 20 cm
Knihy
Uloženo v:
LEADER 02193nam a2200613 a 4500
001 nkc20112195639
003 CZ PrNK
005 20110711091708.0
007 ta
008 110615s2011 xr e f 001 0 cze
015 |a cnb002195639 
020 |a 978-80-904890-1-1  |q (brož.) :  |c Kč 349,00 
035 |a (OCoLC)746837207 
040 |a ABA001  |b cze 
041 1 |a cze  |h eng 
072 7 |a 658  |x Řízení a správa podniku  |2 Konspekt  |9 4 
080 |a 658  |2 MRF 
080 |a 005.56  |2 MRF 
080 |a 005.73  |2 MRF 
080 |a 331.101.38  |2 MRF 
080 |a 331.101.32  |2 MRF 
080 |a 658:17.024.4  |2 MRF 
080 |a (078.7)  |2 MRF 
080 |a (0.062)  |2 MRF 
100 1 |a Carney, Brian M.  |7 vut2011619590  |4 aut 
245 1 0 |a Svoboda v práci :  |b jak nechat zaměstnance dělat, co chtějí, a tím zvýšit produktivitu, zisk a růst /  |c Brian M. Carney a Isaac Getz ; přeložila Dagmar Brejlová 
250 |a 1. vyd. 
260 |a Praha :  |b PeopleComm,  |c 2011 
300 |a 340 s. ;  |c 20 cm 
500 |a Přeloženo z angličtiny 
504 |a Obsahuje bibliografické odkazy a rejstřík 
650 0 7 |a podnikový management  |7 ph115763  |2 czenas 
650 0 7 |a participativní management  |7 ph191874  |2 czenas 
650 0 7 |a kultura organizace  |7 ph135313  |2 czenas 
650 0 7 |a pracovní motivace  |7 ph124529  |2 czenas 
650 0 7 |a pracovní spokojenost  |7 ph319055  |2 czenas 
650 0 7 |a úspěch v podnikání  |7 ph286292  |2 czenas 
650 0 9 |a industrial management  |2 eczenas 
650 0 9 |a participative management  |2 eczenas 
650 0 9 |a corporate culture  |2 eczenas 
650 0 9 |a employee motivation  |2 eczenas 
650 0 9 |a job satisfaction  |2 eczenas 
650 0 9 |a success in business  |2 eczenas 
655 7 |a případové studie  |7 fd133208  |2 czenas 
655 7 |a populárně-naučné publikace  |7 fd131864  |2 czenas 
655 9 |a case studies  |2 eczenas 
655 9 |a popular works  |2 eczenas 
700 1 |a Getz, Isaac  |7 vut2011619784  |4 aut 
765 0 |t Freedom, Inc.  |9 Česky 
910 2 |a BOA001  |b 1-1267.546 
990 |a BK 
995 |a 01 
991 |b 201106  |c NOV  |e n 
996 6 |b 2610481064  |c 1-1267.546  |l MZK  |r Sklad / do 1 hodiny  |n 16  |p p.v.  |w 001186445  |u 000010  |a 1  |e BOA001  |j MZK50  |s P